000 00534nam a2200193Ia 4500
005 20250508154823.0
008 008 250505s9999 xx 000 0 eng d
037 _aTextual
040 _aFEDL
_beng
_cFEDL
041 _aeng
_2eng
084 _a181.4, GER
_qFEDL
100 _aGerber William
_981114
245 0 _aMind of India
260 _aNew York, USA
_bThe Macmillan Company
_c1967
300 _axxix,256p.
650 _aOriental Philosophy
_9755543
942 _cTEXL
_h181.4, GER
999 _c1352310
_d1352310